| 000 | 01483nam a2200349 a 4500 | ||
|---|---|---|---|
| 003 | EG-GiCUC | ||
| 005 | 20250223025600.0 | ||
| 008 | 090415s2008 ua h f m 000 0 eng d | ||
| 040 |
_aEG-GiCUC _beng _cEG-GiCUC |
||
| 041 | 0 | _aeng. | |
| 049 | _aDeposite | ||
| 097 | _aM.Sc. | ||
| 099 | _aCai01.11.24.M.Sc.2008.Ah.M | ||
| 100 | 0 | _aAhmed Sayed Abdelmoez | |
| 245 | 1 | 0 |
_aManagement of lasik complications / _cAhmed Sayed Abdelmoez ; Supervised Ali Mohamed Taha , Hesham Fath Allah Elsheikh |
| 246 | 1 | 5 | _aمناجزة مضاعفات الليزك |
| 260 |
_aCairo : _bAhmed Sayed Abdelmoez , _c2008 |
||
| 300 |
_a155 P. : _bfacsimiles ; _c25cm |
||
| 502 | _aThesis (M.Sc.) - Cairo University - Faculty of Medicine - Department of Ophthalmology | ||
| 520 | _aMost LASIK complications can be either prevented or more effectively managed through surgical techniques.Knowledge of potential LASIK complications will allow prevention of several of these complications.The risk of many complications can be decreased by appropriate patient seection and preoperative,surgical and postoperative care | ||
| 530 | _aIssued also as CD | ||
| 653 | 4 | _a Preoperative | |
| 653 | 4 | _aComplications | |
| 653 | 4 | _aManagement of lasik | |
| 700 | 0 |
_aAli Mohamed Taha , _eSupervisor |
|
| 700 | 0 |
_aHesham Fath Allah Elsheikh , _eSupervisor |
|
| 856 | _uhttp://172.23.153.220/th.pdf | ||
| 902 | _a1 | ||
| 905 |
_aFatma _eCataloger |
||
| 905 |
_aNazla _eRevisor |
||
| 942 |
_2ddc _cTH |
||
| 999 |
_c16079 _d16079 |
||